| 000 | 01903nam0a2200373 4500 | ||
|---|---|---|---|
| 001 | RU\NLR\bibl\1156140 | ||
| 005 | 20260405201209.0 | ||
| 010 |
_a978-5-317-02039-2 _91000 |
||
| 021 |
_aRU _b2007-69721 _93745 |
||
| 035 | _a(NLR Aleph) 001142912 | ||
| 090 |
_a1429090 _c1429090 |
||
| 100 | _a20071119d2007 |||y0rusy50 ca | ||
| 101 | 0 | _arus | |
| 102 | _aRU | ||
| 105 | _aa ||||||||| | ||
| 200 | 1 |
_aИнновационное управление развитием: инкорпоративный подход _fК.Л. Жихарев, С.Б. Мельников, Н.С. Мельникова |
|
| 210 |
_aМосква _cМакс Пресс _d2007 |
||
| 215 |
_a210,[1] с. _cил. _d21 |
||
| 225 | 1 | _aЭнциклопедия управленческих знаний. Мастер государственного и муниципального администрирования | |
| 320 | _aБиблиогр.: с. 209-211 и в подстроч. примеч. | ||
| 606 | 1 |
_aИнституциональные преобразования _yРоссийская Федерация _92342921 _3RU\NLR\auth\661400321 |
|
| 606 | 1 |
_aМуниципальное управление _yРоссийская Федерация _92098532 _3RU\NLR\auth\661269465 |
|
| 686 | _aУ9(2)-18(2Р) | ||
| 686 | _aУ21(2)9(2Р) | ||
| 700 | 1 |
_aЖихарев _bК. Л. _gКирилл Леонидович _4070 |
|
| 701 | 1 |
_4070 _7ca _8rus _aМельников _bС. Б. _cд-р экон. наук, канд. пед. наук _gСергей Борисович _98708 _3RU\NLR\AUTH\7725661 |
|
| 701 | 1 |
_4070 _7ca _8rus _aМельникова _bН. С. _cканд. социол. наук _gНаталия Сергеевна _971682 _3RU\NLR\auth\7788754 |
|
| 801 | 0 |
_aRU _bNLR _c20071119 _gRCR |
|
| 801 | 1 |
_aRU _bNLR _c20071119 |
|
| 830 | _aавт. по кн. | ||
| 942 | _cBOOK | ||
| 980 | _aNB | ||